000 00934nam a22002897a 4500
003 CHAP
005 20220329134731.0
008 971013s1971 r 00010 d
010 _a25021
011 _a25993
035 _a30093
040 _cCHAP
082 _a972.4
_bC6
100 0 0 _aCommons de la Rosa, Aurea.
_925956
245 _aGeohistoria de las divisiones territoriales del estado de Puebla
_b: (1519-1970)
260 _aMéxico :
_bUNAM, Instituto de Geografía,
_c1971
300 _a76 p.
_b: cuadros
590 _aBATCH-UPD
_b10
_c20130110
_lUCH01
_h1733
590 _aBATCH-UPD
_b10
_c20130410
_lUCH01
_h1114
590 _aBATCH-UPD
_b10
_c20130914
_lUCH01
_h1947
590 _aCONVERSION
_b10
_c20130109
_lUCH01
_h1315
650 1 4 _aPuebla
_xGeografía.
_992877
650 1 4 _aPuebla
_xHistoria.
_992878
901 _aBK
942 _cLIBRO
949 _a972.4 C6
_bBC
_cLIBRO
_d33724000138335
_eLIBRO
_h33736
_i30093
_mD
_si
_t50.00
999 _c25021
_d25021